000 00360nam a22001217a 4500
999 _c9418
_d9418
003 OSt
008 201203b ||||| |||| 00| 0 eng d
245 _aAsian Dyer
250 _a2015( Feb-Mar Vol.12 No.1, Apr-May Vol.12 No.2, Jun-Jul Vol.12 No.3, Aug-Sep Vol.12 No.4 )
260 _aMumbai
_bTexchem Publication
650 _aTextile Engineering
942 _2ddc
_cBV